बर्फ की झील : (Record no. 114167)

MARC details
000 -LEADER
fixed length control field 01119nam a22002777a 4500
003 - CONTROL NUMBER IDENTIFIER
control field dpl
005 - DATE AND TIME OF LATEST TRANSACTION
control field 20190226135448.0
008 - FIXED-LENGTH DATA ELEMENTS--GENERAL INFORMATION
fixed length control field 190226b ||||| |||| 00| 0 eng d
010 ## - LIBRARY OF CONGRESS CONTROL NUMBER
LC control number B-043275, B-043297
020 ## - INTERNATIONAL STANDARD BOOK NUMBER
Terms of availability 195.00
035 ## - SYSTEM CONTROL NUMBER
System control number B-043275, B-043297
037 ## - SOURCE OF ACQUISITION
Source of stock number/acquisition Cen Lib/Ret
040 ## - CATALOGING SOURCE
Original cataloging agency DPL
Language of cataloging HN
Transcribing agency 0
082 ## - DEWEY DECIMAL CLASSIFICATION NUMBER
Classification number
Item number कुलश्रे
100 ## - MAIN ENTRY--PERSONAL NAME
Personal name कुलश्रेष्ठ, दीप्ति
9 (RLIN) 5721
245 ## - TITLE STATEMENT
Title बर्फ की झील :
Statement of responsibility, etc दीप्ति कुलश्रेष्ठ
Remainder of title उपन्यास /
246 ## - VARYING FORM OF TITLE
Title proper/short title Barf ki jheel : upanyas /
Remainder of title by Deepti Kulshreshth
260 ## - PUBLICATION, DISTRIBUTION, ETC. (IMPRINT)
Place of publication, distribution, etc जोधपुर
Name of publisher, distributor, etc राजस्थानी ग्रंथागार
Date of publication, distribution, etc 2001
270 ## - ADDRESS
Address सोजती गेट
City जोधपुर
Postal code 342001
300 ## - PHYSICAL DESCRIPTION
Extent 152पृ.
Dimensions 21सेमी(सजिल्द )
650 ## - SUBJECT ADDED ENTRY--TOPICAL TERM
Topical term or geographic name as entry element हिंदी साहित्य
General subdivision
Geographic subdivision
9 (RLIN) 55650
650 ## - SUBJECT ADDED ENTRY--TOPICAL TERM
Topical term or geographic name as entry element हिंदी उपन्यास
9 (RLIN) 55651
650 ## - SUBJECT ADDED ENTRY--TOPICAL TERM
Topical term or geographic name as entry element Hindi literature
Form subdivision
9 (RLIN) 55652
650 ## - SUBJECT ADDED ENTRY--TOPICAL TERM
Topical term or geographic name as entry element Hindi novels
9 (RLIN) 55653
942 ## - ADDED ENTRY ELEMENTS (KOHA)
Source of classification or shelving scheme Dewey Decimal Classification
Koha item type Hindi Books
Classification part
Call number suffix कुलश्रे
Holdings
Withdrawn status Lost status Damaged status Not for loan Home library Current library Date acquired Source of acquisition Cost, normal purchase price Total Checkouts Full call number Barcode Date last seen Copy number Cost, replacement price Price effective from Koha item type Public note Source of classification or shelving scheme Collection code
Written off       Central Library Central Library 14/08/2015 Cen Lib/Ret 195.00   उ कुलश्रे B-043275 14/08/2015 1 195.00 14/08/2015 Hindi Books Written off on approval by DLB (By Circulation); dtd 15-06-2023    
        Shahdara Branch Shahdara Branch 26/02/2019 BPPD/PUB     उ कुलश्रे B-043297 26/02/2019     26/02/2019 Hindi Books   Dewey Decimal Classification Fiction

© Delhi Public Library
Hit Counter
free hit counter